000 00855nam a2200241 i 4500
001 bg
100 1 _aPOLOWCZYK-KUIK, Żaneta
245 1 0 _aMedia polskie w Internecie /
_cŻaneta Polowczyk-Kuik ; Uniwersytet im. Adama Mickiewicza. Instytut Nauk Politycznych i Dziennikarstwa.
260 _aPoznań :
_bWydaw. Naukowe INPiD,
_c2001.
300 _a131 s. :
_bil. ;
_c24 cm.
504 _aBibliogr.
650 9 _aŚrodki masowego przekazu
_zPolska
650 9 _aInternet
_xstosowanie
710 0 _aUniwersytet im. Adama Mickiewicza (Poznań)
_bInstytut Nauk Politycznych i Dziennikarstwa
020 _a8387704334
040 _cBPK
041 0 _apl
080 _a659.3(438)
920 _a83-87704-33-4
942 _cKS
008 s pl f |000 0 pol
999 _c40365
_d40365
856 _uhttp://koha.tu.koszalin.pl/cgi-bin/koha/opac-detail.pl?biblionumber=40365
_yKatalog online BPK